Medición del gasto en SIDA (MEGAS) en la Argentina (Registro nro. 3894)

Detalles MARC
000 -LEADER
fixed length control field 01122 a2200229 4500
001 - CONTROL NUMBER
control field 45043
005 - DATE AND TIME OF LATEST TRANSACTION
control field 20260407155725.0
008 - FIXED-LENGTH DATA ELEMENTS--GENERAL INFORMATION
fixed length control field 260407a2012 arg spa d
003 - CONTROL NUMBER IDENTIFIER
control field AR-UNSa-BCEJYS
040 ## - CATALOGING SOURCE
Original cataloging agency AR-UNSa-BCEJYS
Language of cataloging spa
Transcribing agency AR-UNSa-BCEJYS
080 ## - UNIVERSAL DECIMAL CLASSIFICATION NUMBER
Universal Decimal Classification number 614
Common auxiliary subdivision Higiene y salud pública. Prevención de accidentes
020 ## - INTERNATIONAL STANDARD BOOK NUMBER
International Standard Book Number 978-92-806-4580-4
041 ## - LANGUAGE CODE
Language code of text/sound track or separate title spa
100 1# - MAIN ENTRY--PERSONAL NAME
Personal name UNICEF
245 10 - TITLE STATEMENT
Title Medición del gasto en SIDA (MEGAS) en la Argentina
Name of part/section of a work matriz de financiamiento público e internacional 2006-2009
264 #1 - PRODUCTION, PUBLICATION, DISTRIBUTION, MANUFACTURE, AND COPYRIGHT NOTICE
Place of production, publication, distribution, manufacture Buenos Aires :
Name of producer, publisher, distributor, manufacturer UNICEF
Date of production, publication, distribution, manufacture, or copyright notice 2012
300 ## - PHYSICAL DESCRIPTION
Extent 133 p.
Dimensions 20 cm.
505 ## - FORMATTED CONTENTS NOTE
Formatted contents note 1. Caracterización del Sistema de Salud en la Argentina – 2. El VIH/SIDA en la Argentina – 3. Principales aspectos metodológicos – 4. La medición del gasto en VIH/SIDA en Argentina – 5. Los niños y la problemática del VIH/SIDA en la Argentina – 6. La medición del gasto en VIH/SIDA en la Argentina dirigido a la niñez – 7. Consideraciones finales.
590 ## - LOCAL NOTE (RLIN)
Local note niveau_biblio:m niveau_hierar:0
700 1# - ADDED ENTRY--PERSONAL NAME
Personal name Programa Conjunto de las Naciones Unidas sobre VIH/SIDA (ONUSIDA)
942 ## - ADDED ENTRY ELEMENTS (KOHA)
Koha item type
Existencias
Withdrawn status Lost status Damaged status Not for loan Home library Current library Shelving location Date acquired Total checkouts Full call number Barcode Date last seen Price effective from Koha item type
        Biblioteca Prof. Eusebio Cleto del Rey Biblioteca Prof. Eusebio Cleto del Rey   07/04/2026   614 P962 L127067 07/04/2026 07/04/2026 Libro